| 000 | 00938nam a22002531 4500 | ||
|---|---|---|---|
| 001 | 176855 | ||
| 003 | ES-MaACL | ||
| 005 | 20240229184434.0 | ||
| 008 | 110215s1962 sp af ||||0| spa d | ||
| 080 | _a75 Michelangelo | ||
| 100 | 1 |
_aSalinger, Margaretta. _9145192 |
|
| 245 | 1 | 0 |
_aMiguel Ángel (1475-1564) _b: el Juicio Final / _ctexto de Margaretta Salinger ; traducción de R. S. Torroella. |
| 260 |
_aBarcelona : _bTimun Mas, _cD. L. 1962. |
||
| 300 |
_a[1] h. , [72] p. : _bil. , lám. col. y n. , algunas pleg. ; _c18 cm. |
||
| 490 | 1 | _aEl libro de arte de bolsillo | |
| 500 | _aEncuadernado con otros títulos. | ||
| 504 | _aBibliografía: p. [71] | ||
| 597 | _aEn el lomo: Tomos XX-XXIII. | ||
| 600 | 0 | 4 |
_aMichelangelo, _d1475-1564 _980912 |
| 700 | 1 |
_aSantos Torroella, Rafael. _9103536 |
|
| 830 | 0 |
_aEl libro de arte de bolsillo _9183601 |
|
| 852 |
_aES-MaACL _jE-14309 (23) _xOlim P-144 |
||
| 999 |
_c176855 _d176855 |
||